Holiday Hustle VI Quiz Stats

 Plays Quiz not verified by Sporcle

Support Sporcle.
Go Orange.
Score 0/10 Timer 00:30
1 Play Today
% Correct
Martin Luther King Jr. Day
95.4%
Super Bowl Sunday
94%
Boxing Day
93.8%
Mardi Gras
89.8%
Oktoberfest
89.1%
Pearl Harbor Day
87.4%
Father's Day
86.9%
Independence Day (US)
85.9%
Purim
85.7%
Veterans Day
84.6%

You're not logged in!

Compare scores with friends on all Sporcle quizzes.
OR
Log In

From the Vault

Movie Twin Bunkers

by gazzso

We keep the other twin in the bunker. Can't let the world know about Sporcle Blue.
Remove Ads.
Support Sporcle.
Get the best of Sporcle when you Go Orange. This ad-free experience offers more features, more stats, and more fun while also helping to support Sporcle. Thank you for becoming a member.

Show Comments

Extras

Top Quizzes Today


Score Distribution

Your Account Isn't Verified!

In order to create a playlist on Sporcle, you need to verify the email address you used during registration. Go to your Sporcle Settings to finish the process.

Report this User

Report this user for behavior that violates our Community Guidelines.

Details: